000 00716nam a2200217 i 4500
001 150715
003 ES-MaACL
005 20250824225602.0
007 t|
008 071106s1955 sp ||||1| spa d
100 1 _aDietrich, Otto.
_944623
245 1 0 _aDoce años con Hitler /
_cDr. Otto Dietrich ; [traducción directa del alemán por Manuel Scholz].
260 _aBarcelona :
_bA.H.R.,
_c[1955]
300 _a353 p., 5 h. de lám. ;
_c19 cm.
490 1 _aLibros que hacen historia
600 1 4 _aHitler, Adolf,
_d1889-1945
_963836
700 1 _aScholz, Manuel.
_9104641
830 0 0 _aLibros que hacen historia (AHR)
_9182055
852 _aES-MaACL
_jC-10631
_bR.38245
999 _c150715
_d150715